| 000 | 01175aam a2200337 i 4500 | ||
|---|---|---|---|
| 001 | 768714001 | ||
| 003 | CO-MdFUSB | ||
| 005 | 20220625062546.0 | ||
| 007 | ta | ||
| 008 | 210112t1924 enkabc|| |||| 00| 0 eng d | ||
| 020 | _a[No incluye ISBN] | ||
| 040 |
_bspa. _aCO-MdFUSB _cCO-MdFUSB _dCO-MdFUSBC _erda |
||
| 041 | _aeng | ||
| 082 |
_223 _a221.95 _bB659i |
||
| 100 |
_aBlunt, Anthony Frederick, _eautor |
||
| 245 | 1 | 0 |
_aIsrael before Christ : _bAn account of social and religious development in the Old Testament _c/ Anthony Frederick Blunt |
| 264 | 1 |
_aLondon : _bOxford University Press, _c[1924] |
|
| 264 | 4 | _c© 1924 | |
| 300 |
_a143 páginas _c; 19 cm |
||
| 336 |
_atexto _btxt _2rdacontent |
||
| 337 |
_2rdamedia _asin mediación _bn |
||
| 338 |
_2rdacarrier _avolumen _bnc |
||
| 490 | _aWorld's manuals | ||
| 505 | _aEl período de Abraham a Josué - El asentamiento de Israel en Canaán - El período de la monarquía - El exilio - Los judíos de regreso | ||
| 563 | _aPasta dura | ||
| 630 | 7 |
_aBiblia. _pAntiguo Testamento _xHistoria y crítica |
|
| 650 | 7 |
_aJudaísmo _xHistoria _2 _96884 |
|
| 942 | _cBK | ||
| 945 | _aJTF-925 | ||
| 999 |
_c46357 _d46357 |
||